PRACTICAL BOTANY (Record no. 9443)
[ view plain ]
| 000 -LEADER | |
|---|---|
| fixed length control field | 00352cam a2200157ua 4500 |
| 008 - FIXED-LENGTH DATA ELEMENTS--GENERAL INFORMATION | |
| fixed length control field | 120105n1998 II |||gr||||Z||||||eng |
| 040 ## - CATALOGING SOURCE | |
| Original cataloging agency | MAIN |
| 041 ## - LANGUAGE CODE | |
| -- | English |
| 082 ## - DEWEY DECIMAL CLASSIFICATION NUMBER | |
| Classification number | 580 SHA |
| 100 ## - MAIN ENTRY--PERSONAL NAME | |
| Personal name | SHARMA, O. P. |
| 245 ## - TITLE STATEMENT | |
| Title | PRACTICAL BOTANY |
| 260 ## - PUBLICATION, DISTRIBUTION, ETC. | |
| Place of publication, distribution, etc. | MEERUT |
| Name of publisher, distributor, etc. | PRAGATI PRAKASHAN |
| Date of publication, distribution, etc. | 1998 |
| 942 ## - ADDED ENTRY ELEMENTS (KOHA) | |
| Koha item type | Books |
| 653 ## - INDEX TERM--UNCONTROLLED | |
| Uncontrolled term | Plants (Botany) |
| Withdrawn status | Lost status | Damaged status | Not for loan | Collection code | Home library | Current library | Shelving location | Date acquired | Full call number | Barcode | Date last seen | Copy number | Price effective from | Koha item type | Public note | Total Checkouts | Date last checked out |
|---|---|---|---|---|---|---|---|---|---|---|---|---|---|---|---|---|---|
| REFBOT | Central Library and Information Centre Sibsagar Girls College | Central Library and Information Centre Sibsagar Girls College | BOTANY BOOK RACK | 21.07.2000 | 580 SHA | 16299 | 27.02.2020 | 1 | 27.02.2020 | Books | V | ||||||
| REFBOT | Central Library and Information Centre Sibsagar Girls College | Central Library and Information Centre Sibsagar Girls College | BOTANY BOOK RACK | 21.07.2000 | 580 SHA | 16300 | 24.12.2021 | 2 | 27.02.2020 | Books | V | 1 | 08.12.2021 |